Paradigmas de gobernación y de exclusión social en la educación : (Record no. 125892)

MARC details
000 -LEADER
fixed length control field 00730cam a2200217 4500
008 - FIXED-LENGTH DATA ELEMENTS--GENERAL INFORMATION
fixed length control field 080121t2005 mx 000 0 spa u
020 ## - INTERNATIONAL STANDARD BOOK NUMBER
International Standard Book Number 8487682626
245 00 - TITLE STATEMENT
Title Paradigmas de gobernación y de exclusión social en la educación :
Remainder of title Fundamentos para el análisis de la discriminación escolar contemporánea / Coomp.Julián J.Luengo
250 ## - EDITION STATEMENT
Edition statement 1
260 ## - PUBLICATION, DISTRIBUTION, ETC. (IMPRINT)
Place of publication, distribution, etc México :
Name of publisher, distributor, etc Pomares,
Date of publication, distribution, etc c2005
300 ## - PHYSICAL DESCRIPTION
Extent 272 p. ;
Dimensions 23 cm
440 #0 - SERIES STATEMENT/ADDED ENTRY--TITLE
Title Educación y Conocimiento
504 ## - BIBLIOGRAPHY, ETC. NOTE
Bibliography, etc Incluye Índice
590 ## - LOCAL NOTE (RLIN)
Local note FILOSOFÍA
650 #4 - SUBJECT ADDED ENTRY--TOPICAL TERM
Topical term or geographic name as entry element Integración Escolar
650 #4 - SUBJECT ADDED ENTRY--TOPICAL TERM
Topical term or geographic name as entry element Descriminación en Educación
700 1# - ADDED ENTRY--PERSONAL NAME
Personal name J.Luengo, Julián, Coomp.
942 ## - ADDED ENTRY ELEMENTS (KOHA)
Source of classification or shelving scheme Biblioteca del Cogreso de los Estados Unidos
Koha item type Libro
Holdings
Estado de pérdida Fuente de clasificación Estado del daño No para préstamo Ubicación permanente Ubicación actual Apartado o colección Fecha de adquisición Edición Dependencia de educación superior (DES) Área del conocimiento Clasificación Código de Barras Date last seen Número de copia Tipo de recurso
  Biblioteca del Cogreso de los Estados Unidos     Biblioteca de la Facultad de Filosofía Biblioteca de la Facultad de Filosofía General 14/02/2017 1a. ed. Humanidades Educación y Humanidades LC212.5 P37 2005 BFF000023698 14/02/2017 C:1 Libro